MCU Movies (Including the Multiverse) - Statistics

General Stats
  • This quiz has been taken 215 times
    55 since last reset
  • The average score is 54 of 74
Answer Stats
Year Movie % Correct
2008 Iron Man
96%
2011 Captain America: The First Avenger
94%
2010 Iron Man 2
94%
2008 The Incredible Hulk
94%
2011 Thor
94%
2019 Avengers: Endgame
91%
2018 Avengers: Infinity War
91%
2015 Avengers: Age of Ultron
89%
2013 Iron Man 3
89%
2000 X-Men
89%
2016 Captain America: Civil War
87%
2015 Ant-Man
85%
2018 Ant-Man and the Wasp
85%
2016 Doctor Strange
85%
2017 Spider-Man: Homecoming
85%
2012 The Avengers
85%
2017 Thor: Ragnarok
85%
2013 Thor: The Dark World
85%
2018 Black Panther
83%
2021 Black Widow
83%
2005 Fantastic Four
83%
2014 Guardians of the Galaxy
83%
2002 Spider-Man
83%
2019 Spider-Man: Far From Home
83%
2012 The Amazing Spider-Man
83%
2025 The Fantastic Four: First Steps
83%
2014 Captain America: The Winter Soldier
81%
2023 Guardians of the Galaxy Vol. 3
81%
2014 The Amazing Spider-Man 2
81%
2022 Thor: Love and Thunder
81%
2003 X-2: X-Men United
81%
2022 Black Panther: Wakanda Forever
79%
2016 Deadpool
79%
2017 Guardians of the Galaxy Vol. 2
79%
2004 Spider-Man 2
79%
2009 X-Men Origins: Wolverine
79%
2019 Captain Marvel
77%
2007 Spider-Man 3
77%
2021 Spider-Man: No Way Home
77%
2025 Thunderbolts* The New Avengers
77%
2022 Doctor Strange in the Multiverse of Madness
74%
2023 The Marvels
74%
2018 Deadpool 2
72%
2024 Deadpool and Wolverine
72%
2021 Shang-Chi and the Legend of the Ten Rings
72%
2026 Avengers: Doomsday
70%
2021 Eternals
70%
2013 The Wolverine
70%
2023 Ant-Man and the Wasp: Quantumania
68%
2027 Avengers: Secret Wars
66%
2025 Captain America: Brave New World
66%
2026 Spider-Man: Brand New Day
66%
1998 Blade
64%
2017 Logan
64%
2016 X-Men: Apocalypse
64%
2014 X-Men: Days of Future Past
64%
2011 X-Men: First Class
64%
2003 Daredevil
62%
2018 Venom
62%
2006 X-Men: The Last Stand
60%
2007 Fantastic Four: Rise of the Silver Surfer
57%
2019 X-Men: Dark Phoenix
57%
2005 Elektra
53%
2004 Blade: Trinity
51%
2002 Blade II
49%
2024 Kraven the Hunter
49%
2021 Venom: Let There Be Carnage
49%
2024 Madame Web
47%
2022 Morbius
47%
2024 Venom: The Last Dance
47%
2023 Spider-Man: Across the Spider-Verse
40%
2018 Spider-Man Into the Spider-Verse
40%
2020 The New Mutants
34%
2027 Spider-Man: Beyond the Spider-Verse
28%
No matching quizzes found
Score Distribution
Percent of People with Each Score
Percentile by Number Answered
Your Score History
You have not taken this quiz since the last reset